000 02083nam a2200205Ia 4500
003 Ost
005 20260507075631.0
008 260507s9999||||xx |||||||||||||| ||und||
040 _cfsecg
041 _aara
082 _a658
100 _aالمصري، سعيد محمد
_eمؤلف
245 0 _aأساسيات في دراسة الإدارة العامة /
_c سعيد محمد المصري
250 _aطبعة 3
260 _aالرياض:
_bدار المريخ,
_c2001
300 _a461 صفحة؛
_c23 سم
520 _aالمحتويات : الباب الأول : قضايا ومفاهيم أساسية : المبحث الأول : مفهوم الإدارة العامة وطبيعة منظامتها : المبحث الثاني : مفهوم الدولة والحكومة-الباب الثاني : لصالح العام ومنظمات الأدارة العامة : المبحث الأول : مفهوم الصالح العام : الباب الثالث : التنظيم وأبعاده الرئيسية في مجال الإدارة العامة : المبحث الأول : الدراسات التنظيمية ومفهوم النظم-الباب الرابع : البيروقراطية وبنيئة الإدارة العامة : المبحث الأول : ظاهرة البيروقراتطية والإدارة العامة-الباب الخامس : التركيبة البيئية للإدارة العامة : المبحث الأول : عناصر البيئة وآثرها على الإدارة العامة : المبحث الثاني : عناصر البيئة الاقتصادية وآثرها على الإدارة العامة-الباب السادس : القيادة وعملية اتخاذ القرارات في منظمات الإدارة العامة : المبحث الأول : عملية اتخاذ القرارات وأبعادها في منظمات الإدارة العامة : المبحث الثاني : عملية القيادة وأبعادها في منظمات الأدارة العامة
653 _aالإدارة العامة
942 _cكتاب
999 _c45195
_d45195